Metody i narzędzia modelowania nadwodnych przestrzeni publicznych na przykładzie Bulwarów Nadwarciańskich w Koninie/
Saved in:
| Main Author: | |
|---|---|
| Format: | Book |
| Language: | Polish |
| Published: |
Konin:
Państwowa Wyższa Szkoła Zawodowa w Koninie,
2017.
|
| Edition: | Wyd. 1. |
| Subjects: | |
| Tags: |
Add Tag
No Tags, Be the first to tag this record!
|
| LEADER | 00981cam a22002413a 4500 | ||
|---|---|---|---|
| 001 | 13007621 | ||
| 005 | 20180205161044.0 | ||
| 008 | 171205s2017 pl |||||||||||||| ||pol | ||
| 020 | |a 9788365038180 | ||
| 035 | |a (PlWaKWL)lx2017067801 | ||
| 040 | |a PlWaKWL |c PlWaKWL | ||
| 100 | 1 | |a Borowski, Krzysztof. | |
| 245 | 1 | 0 | |a Metody i narzędzia modelowania nadwodnych przestrzeni publicznych na przykładzie Bulwarów Nadwarciańskich w Koninie/ |c Krzysztof Borowski. |
| 250 | |a Wyd. 1. | ||
| 260 | |a Konin: |b Państwowa Wyższa Szkoła Zawodowa w Koninie, |c 2017. | ||
| 300 | |a 283 p.: |b ill., photos ; |c 28 cm. | ||
| 546 | |a Polish text. | ||
| 650 | 4 | |a Zagospodarowanie terenu |z Polska |z Konin. | |
| 650 | 4 | |a Przestrzenie publiczne |x planowanie |z Polska |z Konin |y 1990-. | |
| 650 | 4 | |a Przestrzenie publiczne |x projektowanie i konstrukcja |z Polska |z Konin |y 1990-. | |
| 650 | 4 | |a Miasta |x renowacja |z Polska |z Konin |y 1990-. | |
| 651 | 4 | |a Konin (Polska) |x Bulwar Nadwarciański. | |
| 852 | 8 | 0 | |b ave4off |h 18FEB |i 07621 |


